01813nam a2200337Ia 450000500170000000800410001702000180005808200160007610000250009224501740011725000240029130000430031550000210035865000210037965000320040065000420043270000450047494200120051926400340053133600270056533700330059233800280062504000350065399900150068895201210070395201300082495201300095495201300108495201300121495201310134420220317000025.0141031s9999 xx 000 0 und d a9789583000218 a395.5bC17m10aCarreño, Manuel A.10aManual de urbanidad y buenas maneras bde consulta indispensable para niños, jóvenes y adultos cManuel A. Carreño ; ilustraciones Juan Ramón Sierra Carrasquilla a1a ed., 17a reimpr. a429 páginas bilustraciones c23 cm. aIncluye índice14a Cortesia 2LEMB14a Etiqueta 2LEMBvManuales 14a Usos y costumbres 2LEMBv Manuales 10aSierra Carrasquilla, Juan Ramón910134 2ddccBK aBogotá bPanamericanac2013 atextobtxt2rdacontent asin mediaciónbn2rdamedia avolumenbnc2rdacarrier aCO-BoRNBPbspaerdacCO-BoRNBP c2924d2924 00102ddc4070aMEGUAMALbMEGUAMALd2023-03-17l0o395.5 C17mpGUA002433r2023-03-17 00:00:00tEj.1w2023-03-17yBK 00102ddc40708GENaMESMARTIbMESMARTIcGENd2023-07-26l0o395.5 C17mpSM001377r2023-07-26 21:05:40tEj.1w2023-07-26yBK 00102ddc40708GENaMEBAUPIAbMEBAUPIAcGENd2024-07-30l0o395.5 C17mpBUP01424r2024-07-30 11:20:26tEj.1w2024-07-30yBK 00102ddc40708GENaMECLANUEbMECLANUEcGENd2025-09-03l0o395.5 C17mpCLN00265r2025-09-03 16:35:15tEj.1w2025-09-03yBK 00102ddc40708GENaMEACACIAbMEACACIAcGENd2025-09-05l0o395.5 C17mpACA02818r2025-09-05 20:10:31tEj.1w2025-09-05yBK 00102ddc40708GENaMEACACIAbMEACACIAcGENd2025-09-05l0o395.5 C17mpACA02819r2025-09-05 20:13:02tEj. 2w2025-09-05yBK